| 000 | 00904cam a22002894a 4500 | ||
|---|---|---|---|
| 001 | 14178186 | ||
| 005 | 20170105102848.0 | ||
| 008 | 040824s2003 pk b 001 0 eng | ||
| 010 | _a 2004439558 | ||
| 020 | _a9698588361 | ||
| 025 | _aP-E-2004439558; 17 | ||
| 035 | _a(DLC) 2004439558 | ||
| 040 |
_aDLC _cDLC |
||
| 042 | _alcode | ||
| 043 | _aa-pk--- | ||
| 050 | 0 | 0 |
_aDS382 _bA48 2003 |
| 082 | _a954.91320 ALV 2003 | ||
| 100 | 1 | _aAlvi, Salim. | |
| 245 | 1 | 0 |
_aPakistan, illusion and reality : _bobservations of a journalist / _cSalim Alvi. |
| 260 |
_aKarachi : _bUshba Publishing International, _c2003. |
||
| 300 |
_axxxvi, 204 p. ; _c21 cm. |
||
| 504 | _aIncludes bibliographical references (p. 195-196) and index. | ||
| 651 | 0 |
_aPakistan _xPolitics and government. |
|
| 906 |
_a7 _bcbc _corigode _d3 _encip _f20 _gy-gencatlg |
||
| 942 |
_2ddc _cBK |
||
| 999 |
_c14141 _d14141 |
||